| Record ID | talis_openlibrary_contribution/talis-openlibrary-contribution.mrc:575768331:602 |
| Source | Talis |
| Download Link | /show-records/talis_openlibrary_contribution/talis-openlibrary-contribution.mrc:575768331:602?format=raw |
LEADER: 00602cam a22002297a 4500
001 0cf329ffb54a4a9faa55b4673cfce867
003 UK-BiTAL
005 20050705123047.0
008 900627s1990 enk 000 ||eng|d
015 $aGB9001157$2bnb
020 $a040990225X :
035 $a()040990225x
040 $aUK-BiTAL$cUK-BiTAL$dUK-BiTAL
050 00 $aRE951
082 04 $a617.7/522$219
100 1 $aDrew, Ralph.
245 10 $aOphthalmic dispensing.
260 $bButterworths,$c1990.
300 $a(304)p.
650 0 $aOptometry.
650 0 $aEyeglasses.
653 $aOptical equipment$aSpectacles$aDispensing